| 000 | 00712nam a22002057a 4500 | ||
|---|---|---|---|
| 003 | OSt | ||
| 005 | 20250630082643.0 | ||
| 008 | 250630b |||||||| |||| 00| 0 eng d | ||
| 020 | _a 978-1-4994-6093 | ||
| 040 |
_aDWCL - Main lib _cOC |
||
| 082 | _aCirc. 005.8023 R244p 2016 | ||
| 100 | _aRauf, Don | ||
| 245 |
_aPowering a career in internet security/ _cDon Rauf |
||
| 260 |
_aNY: _bThe Rosen Publishing, _c c2016 |
||
| 300 |
_a80 pages: _b color illustrations; _c 24cm. |
||
| 504 | _aIncludes bibliographical references and index. | ||
| 650 | _a1. Internet-vocational guidance - Juvenile literature | ||
| 650 | _a2. Internet- security measures- Juvenile literature. | ||
| 942 |
_2ddc _cBK-CIRC _kCirc. _n0 |
||
| 999 |
_c3317 _d3317 |
||